LEADER 01121nam2-2200385---450- 001 990001166210203316 005 20101013111719.0 010 $a88-8302-239-4 035 $a000116621 035 $aUSA01000116621 035 $a(ALEPH)000116621USA01 035 $a000116621 100 $a20030718d2004----km-y0itay50------ba 101 0 $aita 102 $aIT 105 $aaf||||||001yy 200 1 $aJohn Neumeier$fSilvia Poletti 210 $aPalermo$cL'epos$d2004 215 $a232 p., XX p. di tav.$cill.$d21 cm 225 2 $aDanza d'autore$v7 300 $aFrontespizio su due pagine 410 0$1001000327074$12001$aDanza d'autore$v, 7 600 1$aNeumeier,$bJohn$2BNCF 676 $a792.82092 700 1$aPOLETTI,$bSilvia$0555437 801 0$aIT$bsalbc$gISBD 912 $a990001166210203316 951 $aXIII.4. Coll. 1/ 10$b5045 L.G.$cXIII.4. Coll.$d00283119 959 $aBK 969 $aUMA 979 $aMARIA$b10$c20030718$lUSA01$h1009 979 $aPATRY$b90$c20040406$lUSA01$h1722 979 $aANNAMARIA$b90$c20101013$lUSA01$h1117 996 $aJohn Neumeier$9983943 997 $aUNISA LEADER 02293nam0 2200517 i 450 001 VAN0127165 005 20230627025936.204 017 70$2N$a9783030207090 100 $a20200226d2019 |0itac50 ba 101 $aeng 102 $aCH 105 $a|||| ||||| 200 1 $aStatistical Quality Technologies$eTheory and Practice$fYuhlong Lio ?$bet al.] editors 210 $aCham$cSpringer$d2019 215 $axix, 402 p.$cill.$d24 cm 410 1$1001VAN0113306$12001 $aICSA book series in statistics$1210 $aBerlin [etc.]$cSpringer 500 1$3VAN0237000$aStatistical Quality Technologies$91733536 606 $a62-XX$xStatistics [MSC 2020]$3VANC022998$2MF 606 $a62Nxx$xSurvival analysis and censored data [MSC 2020]$3VANC027776$2MF 606 $a62P30$xApplications of statistics in engineering and industry; control charts [MSC 2020]$3VANC030774$2MF 610 $aAcceptance Sampling Plans$9KW:K 610 $aAverage Run Length$9KW:K 610 $aBayesian Sampling Plan$9KW:K 610 $aCumulative Sum Chart$9KW:K 610 $aDegradation Data Analysis$9KW:K 610 $aEconomical Sampling Plans$9KW:K 610 $aExponentially Weighted Moving Average Control Chart$9KW:K 610 $aIndustrial Statistics$9KW:K 610 $aMultiple Deferred State Sampling Plan$9KW:K 610 $aNonparametric Control Chart$9KW:K 610 $aProcess capability index$9KW:K 610 $aReliability Testing$9KW:K 610 $aSequential Design$9KW:K 610 $aStatistical System Monitoring (SSM)$9KW:K 610 $aStatistical process control$9KW:K 620 $aCH$dCham$3VANL001889 702 1$aLio$bYuhlong$3VANV098606 712 $aSpringer $3VANV108073$4650 801 $aIT$bSOL$c20240614$gRICA 856 4 $uhttp://doi.org/10.1007/978-3-030-20709-0$zE-book ? Accesso al full-text attraverso riconoscimento IP di Ateneo, proxy e/o Shibboleth 899 $aBIBLIOTECA DEL DIPARTIMENTO DI MATEMATICA E FISICA$1IT-CE0120$2VAN08 912 $fN 912 $aVAN0127165 950 $aBIBLIOTECA DEL DIPARTIMENTO DI MATEMATICA E FISICA$d08CONS e-book 1752 $e08eMF1752 20200226 996 $aStatistical Quality Technologies$91733536 997 $aUNICAMPANIA